Implementácia princípov good practice vo vybranom podniku cestovného ruchu bakalárska práca

Saved in:
Bibliographic Details
Main Author: Rusek, Jakub
Corporate Author: Obchodná fakulta EU. Katedra cestovného ruchu
Other Authors: Frasch, Alexander, 1992-
Format: Book
Language:Slovak
Published: Bratislava 2025
Tags: Add Tag
No Tags, Be the first to tag this record!

MARC

LEADER 00000nbm a2200000 4500
001 0311173
005 20251112135030.7
041 0 |a slo 
044 |a SK 
245 1 0 |a Implementácia princípov good practice vo vybranom podniku cestovného ruchu  |b bakalárska práca  |c Jakub Rusek ; školiteľ: Alexander Frasch 
264 1 |a Bratislava  |c 2025 
300 |a 65 s. 
100 1 |a Rusek, Jakub 
700 1 |a Frasch, Alexander, 1992- 
710 2 |a Obchodná fakulta EU. Katedra cestovného ruchu